000 01032njm a2200241 i 4500
001 4851
003 ES-MaACL
007 s|r|||||||||||
008 070820s1977 sp ||| g ||||||||1|nspa d
100 1 _aUceta, Acacia,
_d1925-2002
_9111853
245 1 0 _aPoemas mano a mano [
_hGrabación sonora] /
_cintervienen Acacia Uceta y Enrique Domínguez Millán.
260 _aMadrid :
_bAteneo de Madrid,
_c1977.
300 _a2 discos (CD-DA) (1 h. 31 min. 15 seg.) ;
_c12 cm.
500 _aDatos basados en la invitación.
518 _aActo organizado por el Aula de Poesía del Ateneo de Madrid, grabado en la sala de conferencias el miércoles 21 de diciembre de 1977, a las 20:00 h.
610 2 4 _aAteneo de Madrid-
_xActos culturales-
_y1977-
_vGrabaciones sonoras.
_91887
700 1 _aDomínguez Millán, Enrique
_945226
710 2 _aAteneo de Madrid.
_bAula de Poesía.
_91949
852 _aES-MaACL
_cROT
_jROT 4/2/10
_94968
852 _aES-MaACL
_cROT
_jROT 4/2/11
_9203093
942 _2udc
_cCDROM
999 _c4851
_d4851